| 000 | 00554nam a2200205Ia 4500 | ||
|---|---|---|---|
| 001 | 64468 | ||
| 003 | OSt | ||
| 005 | 20160411145123.0 | ||
| 008 | 150204s9999 xx 000 0 und d | ||
| 020 | _aNA | ||
| 040 | _cPK-LaUMT | ||
| 082 |
_a 891.4393 _bRAZ-R |
||
| 100 | _aRazia Butt | ||
| 245 |
_a(روپ)Roop (Urdu) _c(رضہ بٹ)Razia Butt |
||
| 260 |
_a(لاہور، پاکستان)Lahore,Pakistan: _b(مقبول اکیڈمی)Maqbool Academy, _c[ ] |
||
| 300 | _a256 p. | ||
| 546 | _aUR | ||
| 650 | _aPakistani-Urdu-Literature | ||
| 942 |
_cBK _2ddc |
||
| 999 |
_c65614 _d65614 |
||